Corporate governance : (Record no. 344536)
[ view plain ]
| 000 -LEADER | |
|---|---|
| fixed length control field | 00653 a2200193 4500 |
| 020 ## - INTERNATIONAL STANDARD BOOK NUMBER | |
| International Standard Book Number | 8177585650 |
| 020 ## - INTERNATIONAL STANDARD BOOK NUMBER | |
| International Standard Book Number | 9788177585650 |
| 082 04 - DEWEY DECIMAL CLASSIFICATION NUMBER | |
| Classification number | 658.4222 |
| 090 ## - LOCALLY ASSIGNED LC-TYPE CALL NUMBER (OCLC); LOCAL CALL NUMBER (RLIN) | |
| -- | 2033 |
| -- | 2033 |
| 100 1# - MAIN ENTRY--PERSONAL NAME | |
| Personal name | Fernando, A.C. |
| 245 10 - TITLE STATEMENT | |
| Title | Corporate governance : |
| Remainder of title | principles, policies and practices / |
| Statement of responsibility, etc. | A.C. Fernando. |
| 250 ## - EDITION STATEMENT | |
| Edition statement | 1st ed. |
| 260 ## - PUBLICATION, DISTRIBUTION, ETC. | |
| Place of publication, distribution, etc. | [S.l.] : |
| Name of publisher, distributor, etc. | Prentice Hall, |
| Date of publication, distribution, etc. | 2009. |
| 300 ## - PHYSICAL DESCRIPTION | |
| Extent | 600 p. ; |
| Dimensions | 28 cm. |
| 500 ## - GENERAL NOTE | |
| General note | Paperback. |
| 856 40 - ELECTRONIC LOCATION AND ACCESS | |
| Materials specified | Amazon.com |
| Uniform Resource Identifier | <a href="http://www.amazon.com/exec/obidos/ASIN/8177585657/chopaconline-20">http://www.amazon.com/exec/obidos/ASIN/8177585657/chopaconline-20</a> |
| 856 40 - ELECTRONIC LOCATION AND ACCESS | |
| Materials specified | Amazon customer reviews |
| Uniform Resource Identifier | <a href="http://www.chopac.org/cgi-bin/tools/azrev.pl?q=8177585657">http://www.chopac.org/cgi-bin/tools/azrev.pl?q=8177585657</a> |
| 942 ## - ADDED ENTRY ELEMENTS (KOHA) | |
| Institution code [OBSOLETE] | NBS |
| Koha item type | Book |
| Call number prefix | 658.4222 FER |
| Withdrawn status | Lost status | Damaged status | Not for loan | Permanent Location | Current Location | Date acquired | Total Checkouts | Full call number | Barcode | Date last seen | Date last checked out | Price effective from | Koha item type | Total Renewals | Checked out |
|---|---|---|---|---|---|---|---|---|---|---|---|---|---|---|---|
| Central Library (CL) | Central Library (CL) | 08/28/2013 | 1 | 658.4222 FER | NBS8454 | 03/14/2016 | 01/07/2016 | 08/28/2013 | Book | ||||||
| Central Library (CL) | Central Library (CL) | 08/28/2013 | 1 | 658.4222 FER | NBS8323 | 05/28/2022 | 01/29/2014 | 08/28/2013 | Book | 1 | |||||
| Central Library (CL) | Central Library (CL) | 08/28/2013 | 7 | 658.4222 FER | NBS8439 | 05/02/2023 | 05/02/2023 | 08/28/2013 | Book | 5 | 05/17/2023 |
